Sny, op. 8 Cyklus piesní s klavírovym sprievodom Sošit 1

Bibliographic Details
Main Author: Figuš-Bystrý, Viliam, 1875-1937 (Composer)
Other Authors: Binder, Eugen, 1862-1933 (Translator)
Format: Musical Score Book
Language:Slovak
German
PhysicalDescription:15 s. 30 cm
Published: Banská Bystrica Bohuslav Klimo [1928-1929]
Subjects:

MARC

LEADER 00000ccm a2200000 a 4500
001 vtls009892785
003 SK-MaSNL
005 20260331205304.0
008 251111k1928 xo sgg frd z 0 slo
020 |q (brož.) 
028 0 0 |a V.F.B. 15  |b Viliam Figuš-Bystrý 
035 |a (SVKBBclas03)vtls000173031 
040 |a SNK  |b slo  |c SNK  |e AACR2 
041 0 |a ger  |a slo 
044 |a xo  |c SK 
048 |a ka01 
080 |a 784.4(437.6).087.6:786.2.087.4  |2 1981 
100 2 |a Figuš-Bystrý, Viliam,  |d 1875-1937  |4 cmp  |9 166812 
245 1 0 |a Sny, op. 8  |b Cyklus piesní s klavírovym sprievodom  |n Sošit 1  |c Viliam Figuš-Bystrý; dt. von Eugen Binder 
246 1 1 |a Träume 
260 |a Banská Bystrica  |b Bohuslav Klimo  |c [1928-1929] 
300 |a 15 s.  |c 30 cm 
500 |a Venované Marienke Haľamovej 
650 0 7 |a slovenské ľudové piesne  |2 SNKPH  |9 3454 
650 0 7 |a klavír  |2 SNKPH  |9 58636 
655 7 |a partitúry  |2 SNKPH  |9 70123 
700 1 |a Binder, Eugen,  |d 1862-1933  |4 trl  |9 520887 
740 0 2 |a Zvon 
740 0 2 |a V hĺbke mora nebies 
740 0 2 |a Idyllický večer 
999 |c 917751  |d 919681 
952 |a SNK  |b SNK  |y PREZ  |7 0  |p 17A1165716  |o snkHB 1339/1  |i snk38/57  |0 0  |1 0  |4 0  |d 2021-12-08  |l 0  |r 2026-02-24 08:05:46  |w 2026-02-24 
952 |a SNKLA  |b SNKLA  |c SNKLA_ST  |y PREZ  |7 0  |p 17A1470128  |o snkHB 1339/1 D1  |i snk2021/20125  |8 5  |0 0  |1 0  |4 0  |d 2021-12-08  |l 0  |r 2026-02-24 08:05:46  |w 2026-02-24